Making the team : (Record no. 170463)

MARC details
000 -LEADER
fixed length control field 00677nam a2200205 4500
005 - DATE AND TIME OF LATEST TRANSACTION
control field 20191216151243.0
010 ## - LCCN (DPL NO)
LC control number ENG-127146
020 ## - INTERNATIONAL STANDARD BOOK NUMBER
International Standard Book Number 9789353940355
Terms of availability 575.00
035 ## - SYSTEM CONTROL NUMBER
System control number EN-110678
037 ## - SOURCE OF ACQUISITION
Source of stock number/acquisition DBAD/PUB
082 ## - DEWEY DECIMAL CLASSIFICATION NUMBER
Classification number 658.4
100 ## - MAIN ENTRY--PERSONAL NAME
Personal name Thompson, Leigh
245 ## - TITLE STATEMENT
Title Making the team :
Statement of responsibility, etc by Leigh L. Thompson
Remainder of title a guide for managers /
250 ## - EDITION STATEMENT
Edition statement 6th ed.
260 ## - PUBLICATION, DISTRIBUTION, ETC. (IMPRINT)
Place of publication, distribution, etc Noida
Name of publisher, distributor, etc Pearson India Education
Date of publication, distribution, etc 2020
270 ## - ADDRESS
Address 15th Floor, Tower-b, World Trade Tower, Plot No.-1, Block -C, Sector 16
City Noida
Postal code 201301
300 ## - PHYSICAL DESCRIPTION
Extent xviii;459p .
Dimensions 23cm(pbk)
500 ## - GENERAL NOTE
General note Includes bibliographical references and index
942 ## - ADDED ENTRY ELEMENTS (KOHA)
Source of classification or shelving scheme Dewey Decimal Classification
Item type English Books
Classification part 658.4
Call number suffix THO
Holdings
Withdrawn status Lost status Not for loan Collection code Home library Current library Date acquired Source of acquisition Cost, normal purchase price Full call number Barcode Copy number Cost, replacement price Koha item type
      Non-fiction D.B.Act.Division Mobile Library 16/12/2019 DBAD/PUB 575.00 658.4 THO EN-110678 1 575.00 English Books

© Delhi Public Library
Hit Counter
free hit counter